000 00900nam a2200253Ia 4500
003 OSt
005 20220923215145.0
006 a|||||r|||| 00| 0
007 ta
008 220922b |||||||| |||| 00| 0 hin d
024 _a176,187
037 _cTextual
040 _aARTS
_cARTS
_bhin
041 _2hin
_ahin
082 _aO152,1M83:g, M4
100 _aजगधारी, अनुराधा
_9156271
245 0 _aकविता क्या है'' और रामचन्द्र शुक्ल
246 _aKavitā kyā hai'' aur rāmachandra shukla
260 _aइलाहाबाद
_b चित्रलेखा प्रकाशन
_c1984
300 _a198 पृ.
_ccm.
650 _aहिन्दी साहित्य
_9156264
942 _hO152,1M83:g, M4
_cTEXL
_2CC
999 _c329744
_d329744